[Event "3rd Kolkata Open Grandmaster Chess Tournament "]
[Site "Kolkata India"]
[EventDate "2008.03.23"]
[Date "2008.03.27"]
[Round "4"]
[White "Swapnil, S  Dhopade"]
[WhiteTitle "-"]
[WhiteElo "2319"]
[Black "Rathnakaran, K"]
[BlackTitle "IM"]
[BlackElo "2437"]
[Result "1-0"]
[Source "MonRoi"]

1. d4 Nf6 2. c4 g6 3. Nc3 Bg7 4. e4 d6 5. f4 c5 6. dxc5 Qa5 7. Bd3 Qxc5 8. Qe2 O-O 9. Nf3 Bg4 10. Be3 Bxf3 11. gxf3 Qa5 12. O-O Nc6 13. Rac1 Nh5 14. Kh1 e6 15. Bb1 a6 16. Rfd1 Qc7 17. Nd5 Qd8 18. Nb6 Qh4 19. Qg2 Rad8 20. Qg4 Qe7 21. b3 Bh6 22. c5 d5 23. Rg1 Bg7 24. exd5 exd5 25. Rge1 f5 26. Qg5 Bf6 27. Qg2 Qg7 28. Rcd1 Bh4 29. Re2 d4 30. Bc1 Qc7 31. Bd3 Nxf4 32. Bc4 Kh8 33. Bxf4 Qxf4 34. Nd5 Qh6 35. Nc7 Rd7 36. Ne6 Rc8 37. f4 Qh5 38. Red2 Re8 39. Re2 Rde7 40. Rdd2 h6 41. Bd5 g5 42. Bf3 g4 43. Bxc6 bxc6 44. Nxd4 g3  1-0

[Event "3rd Kolkata Open Grandmaster Chess Tournament "]
[Site "Kolkata India"]
[EventDate "2008.03.23"]
[Date "2008.03.27"]
[Round "4"]
[White "Saptarshi, Roy"]
[WhiteTitle "IM"]
[WhiteElo "2404"]
[Black "Satyajit, Kundu"]
[BlackTitle "-"]
[BlackElo "2117"]
[Result "1-0"]
[Source "MonRoi"]

1. e4 c5 2. Nf3 a6 3. c4 e6 4. Nc3 Nc6 5. d4 cxd4 6. Nxd4 Qc7 7. a3 Nf6 8. Be3 Ne5 9. Be2 d6 10. O-O Be7 11. f4 Nc6 12. Rc1 O-O 13. Nd5 exd5 14. cxd5 Bd7 15. Bf3 Rac8 16. dxc6 bxc6 17. b4 Qb8 18. Rb1 Bd8 19. Qd3 Re8 20. h3 Bb6 21. Rfe1 Qa7 22. a4 a5 23. b5 Nd5 24. bxc6 Bxc6 25. Rxb6 Nxb6 26. Nxc6 Rxc6 27. e5 d5 28. Qb5 Qc7 29. Rb1 Rb8 30. Bxd5 Nd7 31. Bxc6 Rxb5 32. axb5 Nb8 33. Rc1 Nxc6 34. bxc6 h6 35. Kh1 a4 36. Bb6 Qc8 37. c7 Kh7 38. Rd1 a3 39. Rd8 a2 40. Rxc8 a1Q 41. Kh2 Qc1 42. Rd8 Qxf4 43. g3 Qc1 44. c8Q Qb2 45. Kg1 Qb1 46. Kg2 Qe4 47. Kf2 h5 48. Rd2 h4 49. Qc2  1-0

[Event "3rd Kolkata Open Grandmaster Chess Tournament "]
[Site "Kolkata India"]
[EventDate "2008.03.23"]
[Date "2008.03.27"]
[Round "4"]
[White "Matta, Vinay Kumar"]
[WhiteTitle "-"]
[WhiteElo "2260"]
[Black "Das, Arghyadip"]
[BlackTitle "-"]
[BlackElo "2404"]
[Result "0-1"]
[Source "MonRoi"]

1. e4 c5 2. Nf3 d6 3. d4 cxd4 4. Nxd4 Nf6 5. Nc3 a6 6. Be3 e6 7. Be2 Qc7 8. a4 b6 9. f4 Bb7 10. Bf3 Nbd7 11. O-O Rc8 12. Kh1 Qb8 13. Qe2 Qa8 14. e5 dxe5 15. fxe5 Nxe5 16. Bxb7 Qxb7 17. Bf4 Ng6 18. Bg5 Be7 19. Bxf6 Bxf6 20. Nxe6 Qe7 21. Nf4 Qxe2 22. Nfxe2 O-O 23. Rad1 Rc6 24. Nd4 Rc4 25. Nde2 Re8 26. Rd6 Rb4 27. b3 Nf4 28. Na2 Rbe4 29. Ng3 Re1 30. Rd1 Rxf1 31. Rxf1 Nd5 32. c4 Ne3 33. Re1 Kf8 34. Nh5 Bd4 35. Nf4 g5 36. Nd3 a5 37. h3 f5 38. Re2 Kf7 39. Ne1 g4 40. hxg4 fxg4 41. Rf2 Kg6 42. Nd3 Nf5 43. Rf4 Kg5 44. Nac1 Re6 45. g3 Nxg3 46. Kg2 Nf5  0-1

[Event "3rd Kolkata Open Grandmaster Chess Tournament "]
[Site "Kolkata India"]
[EventDate "2008.03.23"]
[Date "2008.03.28"]
[Round "5"]
[White "Laznicka, Viktor"]
[WhiteTitle "GM"]
[WhiteElo "2595"]
[Black "Nguyen Anh, Dung"]
[BlackTitle "GM"]
[BlackElo "2525"]
[Result "1/2-1/2"]
[Source "MonRoi"]

1. d4 d5 2. c4 c6 3. e3 Nf6 4. Nc3 a6 5. Nf3 b5 6. b3 Bg4 7. Be2 e6 8. O-O Nbd7 9. h3 Bh5 10. Bb2 Bd6 11. Ne5 Bxe2 12. Nxe2 Qc7 13. cxd5 cxd5 14. Rc1 Qb8 15. Nc6 Qb7 16. Qd2 O-O 17. Rc2 Rac8 18. Rfc1 Nb8 19. Na5 Qd7 20. a3 Ne4 21. Qe1  1/2-1/2

[Event "3rd Kolkata Open Grandmaster Chess Tournament "]
[Site "Kolkata India"]
[EventDate "2008.03.23"]
[Date "2008.03.28"]
[Round "5"]
[White "Ghaem Maghami, Ehsan"]
[WhiteTitle "GM"]
[WhiteElo "2589"]
[Black "Venkatesh, M R"]
[BlackTitle "IM"]
[BlackElo "2444"]
[Result "1-0"]
[Source "MonRoi"]

1. c4 c5 2. Nf3 Nf6 3. Nc3 Nc6 4. d4 cxd4 5. Nxd4 e6 6. a3 Nxd4 7. Qxd4 b6 8. Bf4 Ba6 9. e4 d6 10. Qd1 Qd7 11. Bd3 Be7 12. O-O O-O 13. Qe2 Rfd8 14. Rad1 Qe8 15. Rfe1 Rac8 16. b3 Nd7 17. Qd2 Ne5 18. Bf1 Bf6 19. Bg5 Qe7 20. Bxf6 Qxf6 21. Re3 h6 22. Rg3 Ng6 23. Rf3 Qe5 24. Rd3 Rd7 25. Rd4 Rcd8 26. b4 Rc8 27. g3 Qf6 28. f4 e5 29. Rxd6 Rxd6 30. Qxd6 Qxd6 31. Rxd6 Bxc4 32. Bh3 Re8 33. Rc6 Bd3 34. f5 Ne7 35. Rc7 Rc8 36. Rxe7 Rxc3 37. Re8 Kh7 38. Rxe5 Rc4 39. Re7 Bxe4 40. Rxf7 Rc1 41. Kf2 Kg8 42. Rxa7 Rc3 43. Bg4 Bd5 44. Be2 Be4 45. Bg4 Bd5 46. h4 Kf8 47. Be2 Be4 48. Bh5 Kg8 49. Bg6 Rf3 50. Ke2 Rxg3 51. Rd7  1-0

[Event "3rd Kolkata Open Grandmaster Chess Tournament "]
[Site "Kolkata India"]
[EventDate "2008.03.23"]
[Date "2008.03.28"]
[Round "5"]
[White "Das, Arghyadip"]
[WhiteTitle "-"]
[WhiteElo "2404"]
[Black "David, Alberto"]
[BlackTitle "GM"]
[BlackElo "2557"]
[Result "0-1"]
[Source "MonRoi"]

1. e4 e6 2. d4 d5 3. Nc3 Nf6 4. Bg5 Bb4 5. e5 h6 6. Bd2 Bxc3 7. bxc3 Ne4 8. Qg4 Kf8 9. Bd3 Nxd2 10. Kxd2 c5 11. h4 c4 12. Be2 b5 13. Rh3 Nc6 14. Qf4 Bd7 15. Bh5 Qe7 16. Rf3 Be8 17. a3 a5 18. Ne2 Rb8 19. Ke1 Kg8 20. Rg3 Kh7 21. Bf3 Rf8 22. Qg4 f5 23. exf6 Qxf6 24. Nf4 Rb7 25. Nxe6 Re7 26. Bxd5 Rxe6 27. Bxe6 Qxf2 28. Kd1 Bh5 29. Qxh5 Qxg3 30. Qe2 Qxc3 31. Rb1 Nxd4  0-1

[Event "3rd Kolkata Open Grandmaster Chess Tournament "]
[Site "Kolkata India"]
[EventDate "2008.03.23"]
[Date "2008.03.28"]
[Round "5"]
[White "Adly, Ahmed"]
[WhiteTitle "GM"]
[WhiteElo "2551"]
[Black "Arun Prasad, S"]
[BlackTitle "IM"]
[BlackElo "2423"]
[Result "1-0"]
[Source "MonRoi"]

1. d4 d5 2. c4 c6 3. Nc3 Nf6 4. Nf3 e6 5. e3 Nbd7 6. Qc2 Bd6 7. g4 dxc4 8. g5 Nd5 9. Bxc4 e5 10. Bd2 exd4 11. Nxd5 cxd5 12. Bxd5 dxe3 13. Bc3 exf2 14. Kxf2 O-O 15. Rad1 Qc7 16. g6 Ne5 17. gxf7 Kh8 18. Ng5 Ng6 19. Qe4 Bc5 20. Kg2 Bf5 21. Bxg7 Kxg7 22. Qxf5 Nh4 23. Kh3 Nxf5 24. Ne6 Kf6 25. Nxc7 Ne3 26. Rc1 Bd6 27. Nxa8 Nxd5 28. Rhd1 Ke6 29. Rxd5 Kxd5 30. Nc7 Ke5 31. Ne8 Ke6 32. Nxd6 Kxd6 33. Rf1 Ke6 34. Kg4 Rxf7 35. Rxf7 Kxf7 36. Kf5 a5 37. a4 Ke7 38. Ke5 Kd7 39. Kf6 Kd6 40. h4 Kc5 41. h5 Kb4 42. h6 Kxa4 43. Kg7 Kb3 44. Kxh7 Kxb2 45. Kg6 a4 46. h7 a3 47. h8Q Kb1 48. Qc3 a2 49. Qb3 Ka1 50. Qc2  1-0

[Event "3rd Kolkata Open Grandmaster Chess Tournament "]
[Site "Kolkata India"]
[EventDate "2008.03.23"]
[Date "2008.03.28"]
[Round "5"]
[White "Dobrov, Vladimir"]
[WhiteTitle "GM"]
[WhiteElo "2501"]
[Black "Saptarshi, Roy"]
[BlackTitle "IM"]
[BlackElo "2404"]
[Result "0-1"]
[Source "MonRoi"]

1. c4 e6 2. Nc3 d5 3. d4 c6 4. e4 dxe4 5. Nxe4 Bb4 6. Bd2 Qxd4 7. Bxb4 Qxe4 8. Be2 Na6 9. Bc3 f6 10. Nf3 Ne7 11. O-O e5 12. Nd2 Qf5 13. Bh5 g6 14. Bf3 O-O 15. Ne4 Qe6 16. Re1 Nf5 17. b4 Qxc4 18. Rc1 Nd4 19. Bxd4 Qxd4 20. Qb3 Kg7 21. b5 cxb5 22. Red1 Qa4 23. Qd5 Qa5 24. a4 Qb6 25. axb5 Nc7 26. Qd6 Qxd6 27. Nxd6 Ne6 28. Bd5 Bd7 29. Nxb7 Rac8 30. Ra1 Nd4 31. Nd6 Rc7 32. Ra5 Rb8 33. Bc6 Bxc6 34. bxc6 Rd8 35. Rd5 Kf8 36. f4 Ne2 37. Kf1 Nc3 38. fxe5 Nxd1 39. Rxd1 fxe5 40. Ke2 Ke7  0-1

[Event "3rd Kolkata Open Grandmaster Chess Tournament "]
[Site "Kolkata India"]
[EventDate "2008.03.23"]
[Date "2008.03.28"]
[Round "5"]
[White "Neelotpal, Das"]
[WhiteTitle "GM"]
[WhiteElo "2486"]
[Black "Swapnil, S  Dhopade"]
[BlackTitle "-"]
[BlackElo "2319"]
[Result "1/2-1/2"]
[Source "MonRoi"]

1. e4 c6 2. d4 d5 3. e5 Bf5 4. Nf3 e6 5. Be2 Nd7 6. O-O Ne7 7. Nh4 c5 8. c3 Be4 9. Nd2 Nc6 10. Nxe4 dxe4 11. g3 Qb6 12. Be3 Rd8 13. Qa4 Be7 14. Bb5 O-O 15. Ng2 Ndb8 16. Rfd1 c4  1/2-1/2

[Event "3rd Kolkata Open Grandmaster Chess Tournament "]
[Site "Kolkata India"]
[EventDate "2008.03.23"]
[Date "2008.03.28"]
[Round "5"]
[White "Saravanan, V"]
[WhiteTitle "IM"]
[WhiteElo "2379"]
[Black "Ashwin, Jayaram"]
[BlackTitle "IM"]
[BlackElo "2478"]
[Result "1-0"]
[Source "MonRoi"]

1. Nf3 Nf6 2. c4 c6 3. d4 d5 4. e3 a6 5. Bd3 Bg4 6. Qb3 Bxf3 7. gxf3 Ra7 8. Nc3 e6 9. c5 Nbd7 10. Bd2 e5 11. O-O-O Be7 12. Rdg1 O-O 13. Rg3 Ne8 14. Qc2 g6 15. h4 Bxh4 16. Rgh3 Bg5 17. Rxh7 f5 18. f4 exf4 19. exf4 Be7 20. Qd1 Rf7 21. Rh8 Kg7 22. Qg1 Nf8 23. Qh2 b5 24. Re1 Rf6 25. Ne2 Re6 26. Bxf5 gxf5 27. Rg1 Rg6 28. Qh6 Kf7 29. Rxf8 Bxf8 30. Qxg6 Ke7 31. Qh7  1-0

[Event "3rd Kolkata Open Grandmaster Chess Tournament "]
[Site "Kolkata India"]
[EventDate "2008.03.23"]
[Date "2008.03.28"]
[Round "5"]
[White "Ramesh, R B"]
[WhiteTitle "GM"]
[WhiteElo "2473"]
[Black "Nolte, Rolando"]
[BlackTitle "-"]
[BlackElo "2412"]
[Result "1/2-1/2"]
[Source "MonRoi"]

1. e4 c5 2. Nf3 d6 3. d4 cxd4 4. Nxd4 Nf6 5. Nc3 a6 6. Be3 e6 7. g4 e5 8. Nf5 g6 9. Bg2 gxf5 10. exf5 Nc6 11. Qe2 Rg8 12. h3 Qa5 13. O-O-O Bd7 14. f4 Rc8 15. Kb1 Nb4 16. a3 Rxc3 17. axb4 Rxe3 18. Qxe3 Qc7 19. Rd2 Bc6 20. Re1 Bh6 21. Bxc6 bxc6 22. g5 Nd5 23. Qe4 Bxg5 24. fxg5 Rxg5 25. h4 Rg8 26. Rxd5 cxd5 27. Qxd5 Rg4 28. Qa8 Ke7 29. Rf1 Rxb4 30. f6 Kd7 31. Qxa6 Rxh4 32. Rd1 Ke6 33. Qa3 Rd4  1/2-1/2

[Event "3rd Kolkata Open Grandmaster Chess Tournament "]
[Site "Kolkata India"]
[EventDate "2008.03.23"]
[Date "2008.03.28"]
[Round "5"]
[White "Thejkumar, M  S"]
[WhiteTitle "-"]
[WhiteElo "2382"]
[Black "Bakre, Tejas"]
[BlackTitle "GM"]
[BlackElo "2459"]
[Result "1/2-1/2"]
[Source "MonRoi"]

1. d4 Nf6 2. Nf3 e6 3. c4 d5 4. Nc3 Bb4 5. Bg5 h6 6. Bxf6 Qxf6 7. e3 c5 8. Rc1 dxc4 9. dxc5 O-O 10. Bxc4 Bxc5 11. O-O Qe7 12. Qc2 Nc6 13. Rfd1 Rd8 14. a3 Bd7 15. Ba2 Bd6 16. Bb1 g6 17. Ne4 Be8 18. Qc3 e5 19. b4 a6 20. h4 f5 21. Nxd6 Rxd6 22. Rxd6 Qxd6 23. h5 Kh7 24. Nh4 Qf6 25. hxg6 Bxg6 26. Nxg6 Qxg6 27. Qd3 Rf8 28. Rc5 e4 29. Qd1 Rg8 30. g3 Qe6 31. Qd5 Qxd5 32. Rxd5 Kg6 33. g4 Ne7 34. Rd7 Kf6 35. Rxb7 Rxg4 36. Kh2 Rh4 37. Kg3 Rg4 38. Kh3 Ng6 39. a4 Ne5 40. a5 Nf3 41. b5 Ng1 42. Kh2 Nf3 43. Kh3 axb5 44. a6 Rg1 45. a7 Ng5 46. Kh2 Nf3  1/2-1/2

[Event "3rd Kolkata Open Grandmaster Chess Tournament "]
[Site "Kolkata India"]
[EventDate "2008.03.23"]
[Date "2008.03.28"]
[Round "5"]
[White "Barbosa, Oliver"]
[WhiteTitle "-"]
[WhiteElo "2410"]
[Black "Babu, N Sudhakar"]
[BlackTitle "IM"]
[BlackElo "2333"]
[Result "1/2-1/2"]
[Source "MonRoi"]

1. e4 e5 2. Nf3 Nc6 3. d4 exd4 4. Nxd4 Nf6 5. Nxc6 bxc6 6. e5 Qe7 7. Qe2 Nd5 8. c4 Ba6 9. b3 g6 10. g3 Bg7 11. Bb2 O-O 12. Bg2 Rae8 13. O-O Bxe5 14. Qxe5 Qxe5 15. Bxe5 Rxe5 16. cxd5 Bxf1 17. Kxf1 cxd5 18. Nd2 c6 19. Rc1 Rfe8 20. Bf3 a5 21. a3 Kf8  1/2-1/2

[Event "3rd Kolkata Open Grandmaster Chess Tournament "]
[Site "Kolkata India"]
[EventDate "2008.03.23"]
[Date "2008.03.28"]
[Round "5"]
[White "Prathamesh Sunil, Mokal"]
[WhiteTitle "IM"]
[WhiteElo "2371"]
[Black "Abdulla, Al Rakib"]
[BlackTitle "GM"]
[BlackElo "2506"]
[Result "0-1"]
[Source "MonRoi"]

1. e4 e5 2. Nf3 Nc6 3. Bb5 g6 4. c3 d6 5. d4 Bd7 6. dxe5 dxe5 7. Bg5 f6 8. Be3 Nh6 9. h3 Nf7 10. Nbd2 Nd6 11. Ba4 Bg7 12. Bc5 O-O 13. Bxd6 cxd6 14. Nc4 f5 15. Nxd6 Qe7 16. Bb3 Kh8 17. Qd5 Nd8 18. O-O-O Bc6 19. Qd2 Ne6 20. Bc2 Rad8 21. h4 fxe4 22. Ng5 Bf6 23. Ngxe4 Bxe4 24. Bxe4 Rd7 25. Rh3 Nf4 26. Re3 Rfd8 27. Qc2 Rxd6 28. Rxd6 Rxd6 29. g3 Ne6 30. b4 Kg7 31. Rd3 b6 32. Rxd6 Qxd6 33. Qa4 Qc7 34. Kb2 Kf8 35. f3 Ke7 36. Qa6 Bg7 37. Kb3 Bh6 38. Qd3 Qd6 39. Qe2 Ng7 40. g4 Bd2 41. h5 Ne6 42. hxg6 Nd4  0-1

[Event "3rd Kolkata Open Grandmaster Chess Tournament "]
[Site "Kolkata India"]
[EventDate "2008.03.23"]
[Date "2008.03.28"]
[Round "5"]
[White "Sriram, Jha"]
[WhiteTitle "IM"]
[WhiteElo "2457"]
[Black "Ahmed Sk, Nasir"]
[BlackTitle "FM"]
[BlackElo "2379"]
[Result "1-0"]
[Source "MonRoi"]

1. d4 Nf6 2. c4 e6 3. Nf3 b6 4. g3 Ba6 5. Qa4 c5 6. Bg2 Bb7 7. dxc5 Bxc5 8. O-O O-O 9. Nc3 Be7 10. Rd1 Na6 11. Bf4 Nc5 12. Qc2 Nce4 13. Ne5 Nxc3 14. Bxb7 Nxd1 15. Rxd1 Rb8 16. Nc6 dxc6 17. Rxd8 Rbxd8 18. Bxc6 Bd6 19. Bg5 Be5 20. b4 h6 21. Bc1 Rc8 22. b5 Bd6 23. Bb2 Rfd8 24. Kg2 Nd7 25. Qe4 Be7 26. Qg4 Nf6 27. Qf4 Bd6 28. Qe3 Bc5 29. Qc1 Be7 30. a4 Nd7 31. a5 bxa5 32. Qa1 Nb8 33. Bf3 Bf8 34. Qxa5 Rd7 35. Be5 Bc5 36. Qa4 Re7 37. Qa1 f6 38. Bf4 Nd7 39. Qa6 Nb6 40. Bb7 Rf8 41. Be4 f5 42. Bc2 e5 43. Bc1 Rc7 44. Bb2 Rf6 45. Bxe5  1-0

[Event "3rd Kolkata Open Grandmaster Chess Tournament "]
[Site "Kolkata India"]
[EventDate "2008.03.23"]
[Date "2008.03.28"]
[Round "5"]
[White "Shashikant, Kutwal"]
[WhiteTitle "-"]
[WhiteElo "2316"]
[Black "Laxman, R R"]
[BlackTitle "IM"]
[BlackElo "2440"]
[Result "1/2-1/2"]
[Source "MonRoi"]

1. e4 e5 2. Nf3 Nc6 3. Bb5 a6 4. Ba4 Nf6 5. O-O Be7 6. Re1 b5 7. Bb3 O-O 8. a4 b4 9. d3 d6 10. a5 Bg4 11. Be3 Nd4 12. Bxd4 exd4 13. h3 Bxf3 14. Qxf3 Nd7 15. Nd2 Bg5 16. Nc4 Nc5 17. Ba4 Rb8 18. -? Nxa4 19. Rxa4 Rb5 20. Rf1 Qe7 21. Qd1 f5 22. f4 Bh6 23. e5 d5 24. Nd2 Qh4 25. Qf3 g5 26. Qf2 Qxf2 27. Rxf2 gxf4 28. Nf3 c5 29. Re2 Kf7 30. e6 Ke7 31. Ra1 Bg7 32. Ng5 h6 33. Nf3 Bf6 34. Ne5 Bxe5 35. Rxe5 Rf6 36. Rxd5 Kxe6 37. Rd8 f3 38. gxf3 Ke5 39. Kf2 Kf4 40. Re8 Rg6 41. Rae1 Rf6 42. Ra1 Kg5 43. Kg3 f4 44. Kf2 Kf5 45. Re7 Re6 46. Rf7 Rf6 47. Re7  1/2-1/2

[Event "3rd Kolkata Open Grandmaster Chess Tournament "]
[Site "Kolkata India"]
[EventDate "2008.03.23"]
[Date "2008.03.28"]
[Round "5"]
[White "Satyapragyan, Swayangsu"]
[WhiteTitle "IM"]
[WhiteElo "2406"]
[Black "Debashis, Das"]
[BlackTitle "-"]
[BlackElo "2279"]
[Result "1/2-1/2"]
[Source "MonRoi"]

1. e4 c5 2. Nf3 d6 3. Bc4 Nf6 4. d3 Nc6 5. c3 g6 6. Bb3 Bg7 7. O-O O-O 8. Re1 b5 9. h3 a5 10. a3 a4 11. Bc2 e5 12. Be3 Nd7 13. d4 Bb7 14. d5 Na5 15. Nbd2 Nb6 16. Nf1 Bc8 17. Ng3 Bd7 18. Nh2 Nbc4 19. Bc1 Qh4 20. Rb1 Ra7 21. Nf3 Qd8 22. Nh2 Qh4 23. Nf3 Qd8 24. Nh2 Qh4  1/2-1/2

[Event "3rd Kolkata Open Grandmaster Chess Tournament "]
[Site "Kolkata India"]
[EventDate "2008.03.23"]
[Date "2008.03.28"]
[Round "5"]
[White "Himanshu, Sharma"]
[WhiteTitle "IM"]
[WhiteElo "2398"]
[Black "Ankit, R  Rajpara"]
[BlackTitle "-"]
[BlackElo "2122"]
[Result "1-0"]
[Source "MonRoi"]

1. e4 c5 2. Nf3 d6 3. d4 cxd4 4. Nxd4 Nf6 5. Nc3 g6 6. Be2 Bg7 7. O-O O-O 8. Be3 Nc6 9. Nb3 Be6 10. f4 Na5 11. Bd4 Rc8 12. Bf3 Nc6 13. Bf2 a6 14. Nd5 Bxd5 15. exd5 Na5 16. Nd4 Qc7 17. Re1 Rfe8 18. c3 Nc4 19. Re2 Nb6 20. Qb3 Nc4 21. Rae1 Kf8 22. a4 Nd7 23. Qd1 Ncb6 24. h3 Nf6 25. Qb3 Nfd7 26. Qa2 Qc4 27. Qxc4 Nxc4 28. Rb1 Ncb6 29. a5 Nc4 30. Nb3 Nc5 31. Nxc5 dxc5 32. b4 cxb4 33. cxb4 Na3 34. Rb3 Nb5 35. Kh2 Bd4 36. d6 exd6 37. Rxe8 Rxe8 38. Bh4 Rb8 39. Be2 Nc3 40. Bf3 Nb5 41. Be2 Nc3 42. Bd3 Re8 43. b5 axb5 44. Bxb5 Nxb5 45. Rxb5 Ra8 46. Be1 Ra7 47. Bb4 Ke7 48. Rd5 Bg7 49. Rxd6 Ke8 50. Rd5 Bf6 51. Kg3 Bd8 52. Kf3 b6 53. Re5 Kd7 54. axb6 Bxb6 55. Re7 Kd8 56. Rxa7 Bxa7 57. Kg4 Ke8 58. Kg5 h5 59. Bd6 Be3 60. Kf6 Bd4 61. Be5 Bc5 62. f5 gxf5 63. Kxf5 Kf8 64. Kg5 Kg8 65. Kxh5 Kh7 66. Bf6 Bb4 67. g4 Bc5 68. h4 Bb4 69. Kg5 Bd2 70. Kf5 Bb4 71. h5 Ba3 72. Bd4 Be7 73. g5 Kg8 74. Be3 Bb4 75. Bf4 Bc3 76. Ke4 Bb2 77. Kd5 Bc3 78. Kd6 Bb2 79. Ke7 Bc3 80. h6 Bb4 81. Ke8 Bc3 82. h7 Kxh7 83. Kxf7 Ba1 84. g6 Kh8 85. Bg5++  1-0

[Event "3rd Kolkata Open Grandmaster Chess Tournament "]
[Site "Kolkata India"]
[EventDate "2008.03.23"]
[Date "2008.03.28"]
[Round "5"]
[White "Konguvel, Ponnuswamy"]
[WhiteTitle "IM"]
[WhiteElo "2394"]
[Black "Safin, Shukhrat"]
[BlackTitle "GM"]
[BlackElo "2493"]
[Result "1/2-1/2"]
[Source "MonRoi"]

1. e4 e5 2. Nf3 Nc6 3. Bb5 a6 4. Ba4 d6 5. c3 g6 6. d4 Bd7 7. O-O Bg7 8. Re1 h6 9. Be3 Qe7 10. c4 exd4 11. Nxd4 Nf6 12. Nc3 O-O 13. f3 Rfe8 14. Rc1 Nxd4 15. Bxd4 c6 16. Qd2 b5 17. Bb3 Kh7 18. Rcd1 b4 19. Ne2 a5 20. Bf2 a4 21. Bc2 Be6 22. b3 axb3 23. Bxb3 Nd7 24. Qxb4 Ne5 25. Qxd6 Qg5 26. Ng3 Red8 27. Qc5 Bf8 28. Qe3 Qxe3 29. Bxe3 Nxc4 30. Rxd8 Rxd8 31. Bxc4 Bxc4 32. Rc1 Bb5 33. e5 Ba3 34. Rc2 g5  1/2-1/2

[Event "3rd Kolkata Open Grandmaster Chess Tournament "]
[Site "Kolkata India"]
[EventDate "2008.03.23"]
[Date "2008.03.29"]
[Round "6"]
[White "David, Alberto"]
[WhiteTitle "GM"]
[WhiteElo "2557"]
[Black "Saravanan, V"]
[BlackTitle "IM"]
[BlackElo "2379"]
[Result "1/2-1/2"]
[Source "MonRoi"]

1. e4 c5 2. Nf3 d6 3. Bb5 Nd7 4. d4 cxd4 5. Qxd4 Ngf6 6. Nc3 e6 7. Bg5 a6 8. Bxd7 Bxd7 9. e5 dxe5 10. Nxe5 Bb5 11. Qh4 Be7 12. Nxb5 axb5 13. O-O Nd5 14. Bxe7  1/2-1/2

[Event "3rd Kolkata Open Grandmaster Chess Tournament "]
[Site "Kolkata India"]
[EventDate "2008.03.23"]
[Date "2008.03.29"]
[Round "6"]
[White "Saptarshi, Roy"]
[WhiteTitle "IM"]
[WhiteElo "2404"]
[Black "Neelotpal, Das"]
[BlackTitle "GM"]
[BlackElo "2486"]
[Result "1-0"]
[Source "MonRoi"]

1. e4 c5 2. Nf3 e6 3. d4 cxd4 4. Nxd4 a6 5. Nc3 Qc7 6. g3 Bb4 7. Nde2 Nf6 8. Bg2 Nc6 9. O-O O-O 10. Bf4 Qb6 11. Na4 Qa5 12. c3 Be7 13. b4 Qd8 14. Bd6 Bxd6 15. Qxd6 Ne8 16. Qc5 d6 17. Qb6 Qe7 18. Rad1 Ne5 19. Nb2 Nd7 20. Qd4 e5 21. Qd2 b5 22. a4 Ndf6 23. c4 bxa4 24. Nxa4 Rb8 25. Rb1 Be6 26. c5 dxc5 27. bxc5 Nc7 28. Nec3 Rbd8 29. Qc2 Bc4 30. Rfd1 Rxd1 31. Rxd1 Rd8 32. Nb6 Rxd1 33. Nxd1 Be6 34. Ne3 Qd8 35. Nbd5 Nb5 36. c6 Ne8 37. Bf1 Nbc7 38. Qc5 Bxd5 39. exd5 g6 40. Qc3 f6 41. Bh3 Nd6 42. Bd7 Ncb5 43. Qc1 Kg7 44. Ng4 g5 45. Ne3 Qb6 46. Nf5 Nxf5 47. Bxf5 Qc7 48. Bd3 Nd6 49. Bxa6 Qa5 50. Bf1 Qxd5 51. c7 Qb7 52. Bh3 f5 53. Bxf5  1-0

[Event "3rd Kolkata Open Grandmaster Chess Tournament "]
[Site "Kolkata India"]
[EventDate "2008.03.23"]
[Date "2008.03.29"]
[Round "6"]
[White "Frhat, Ali"]
[WhiteTitle "IM"]
[WhiteElo "2379"]
[Black "Koneru, Humpy"]
[BlackTitle "GM"]
[BlackElo "2612"]
[Result "0-1"]
[Source "MonRoi"]

1. Nf3 Nf6 2. d4 e6 3. g3 b6 4. Bg2 Bb7 5. c4 Be7 6. O-O O-O 7. Nc3 Ne4 8. Bd2 f5 9. Qc2 Na6 10. Rad1 c5 11. d5 Nc7 12. dxe6 Nxe6 13. Nd5 d6 14. Bc1 Nc7 15. Nxc7 Qxc7 16. Nd2 Ng5 17. Qd3 Rad8 18. Bd5 Kh8 19. f4 Nf7 20. Qxf5 Ne5 21. Qe4 Bxd5 22. Qxd5 Nc6 23. Qg2 a6 24. Ne4 b5 25. cxb5 axb5 26. Nc3 Qb7 27. Nd5 Bf6 28. e3 b4 29. b3 Qd7 30. Rd3 Na7 31. Nxf6 Rxf6 32. Bb2 Rff8 33. f5 Rxf5 34. Rxf5 Qxf5 35. Qb7 Rg8 36. e4 Qe6 37. Rf3 Qg4 38. Rf4 Qd1 39. Kg2 h5 40. Qxa7 Qe2 41. Kh3 Qxb2 42. Qf7 g6 43. Rf6 Rg7 44. Qe8 Kh7 45. Rf8 Ra7 46. Qe6 Rxa2 47. Qf7 Qg7 48. Qf4 Qd7 49. Kh4 Rxh2 50. Kg5 Qe7 51. Qf6 Qxf6 52. Rxf6 Rg2 53. Rf7 Kg8 54. Rd7 Rxg3 55. Kf6 h4 56. Rxd6 h3 57. Rd2 Rg2 58. Rd8 Kh7 59. Rd3 Rf2 60. Kg5 h2  0-1

[Event "3rd Kolkata Open Grandmaster Chess Tournament "]
[Site "Kolkata India"]
[EventDate "2008.03.23"]
[Date "2008.03.29"]
[Round "6"]
[White "Abdulla, Al Rakib"]
[WhiteTitle "GM"]
[WhiteElo "2506"]
[Black "Himanshu, Sharma"]
[BlackTitle "IM"]
[BlackElo "2398"]
[Result "1/2-1/2"]
[Source "MonRoi"]

1. d4 d5 2. c4 c6 3. Nc3 Nf6 4. e3 a6 5. Qc2 Bg4 6. f3 Bh5 7. Qb3 Ra7 8. cxd5 Nxd5 9. e4 Nxc3 10. bxc3 e6 11. Nh3 Bd6 12. Nf4 Bg6 13. h4 Bxf4 14. Bxf4 h5 15. Qa3 Nd7 16. Bd6 Ra8 17. Rb1 b5 18. Be2 f5 19. e5 Kf7 20. Qb3 f4 21. Rc1 Nb6 22. c4 Re8 23. Qb2 Bf5 24. Qd2 bxc4 25. Bxc4 Nd5 26. Bxd5 cxd5 27. Rc7 Kg8 28. Kf2 Rc8 29. Rxc8 Qxc8 30. Rc1 Qa8 31. Qxf4 Rc8 32. Rc5 Bg6 33. Qg5 Kh7 34. g4 hxg4 35. h5 g3 36. Kxg3 Bf7 37. h6 gxh6 38. Qf6 Rg8 39. Kf4 Rg7 40. Rc7 Qe8 41. Rb7 Qa4 42. Ke3 Qc2 43. Rxf7 Qc3 44. Ke2 Qc2  1/2-1/2

[Event "3rd Kolkata Open Grandmaster Chess Tournament "]
[Site "Kolkata India"]
[EventDate "2008.03.23"]
[Date "2008.03.29"]
[Round "6"]
[White "Safin, Shukhrat"]
[WhiteTitle "GM"]
[WhiteElo "2493"]
[Black "Thejkumar, M  S"]
[BlackTitle "-"]
[BlackElo "2382"]
[Result "1-0"]
[Source "MonRoi"]

1. d4 d5 2. Nf3 Nf6 3. c4 e6 4. Nc3 Be7 5. Bg5 O-O 6. e3 Nbd7 7. Rc1 a6 8. c5 c6 9. Be2 e5 10. dxe5 Ne8 11. Bxe7 Qxe7 12. Qd4 Nc7 13. e4 Ne6 14. Qe3 d4 15. Nxd4 Qxc5 16. Nxe6 Qxe3 17. fxe3 fxe6 18. Na4 Nxe5 19. Nb6 Rb8 20. Rd1 g6 21. h4 h6 22. g4 a5 23. g5 hxg5 24. hxg5 Nf7 25. Rf1 Re8 26. e5 Nxe5 27. Rd4 c5 28. Rh4 Bd7 29. Nxd7 Nxd7 30. Bb5 Ne5 31. Bxe8 Rxe8 32. Re4 Nf7 33. Rf6 e5 34. Rxg6 Kh7 35. Rb6  1-0

[Event "3rd Kolkata Open Grandmaster Chess Tournament "]
[Site "Kolkata India"]
[EventDate "2008.03.23"]
[Date "2008.03.29"]
[Round "6"]
[White "Bakre, Tejas"]
[WhiteTitle "GM"]
[WhiteElo "2459"]
[Black "Grover, Sahaj"]
[BlackTitle "FM"]
[BlackElo "2242"]
[Result "1-0"]
[Source "MonRoi"]

1. c4 e6 2. Nc3 d5 3. d4 Nf6 4. Nf3 Be7 5. cxd5 exd5 6. Bg5 c6 7. Qc2 g6 8. e3 Bf5 9. Bd3 Bxd3 10. Qxd3 Nbd7 11. O-O Nf8 12. b4 a6 13. Bxf6 Bxf6 14. a4 Ne6 15. b5 axb5 16. axb5 O-O 17. bxc6 bxc6 18. Ra6 Rxa6 19. Qxa6 Qa8 20. Ra1 Qxa6 21. Rxa6 Rc8 22. Ne1 Kg7 23. Kf1 Be7 24. Nd3 Bf8 25. Ne5 c5 26. Nxd5 cxd4 27. Ra7 Nd8 28. exd4 Bd6 29. f4 Bxe5 30. dxe5 Ne6 31. g3 h5 32. Nf6 Rc2 33. Ne8 Kf8 34. Nd6 Nc7 35. Rb7 Ke7 36. Nb5  1-0